OPAC Home

පපචසූදනී මජ්ජිම නිකායාර්ථ කථා (Record no. 93528)

MARC details
000 -LEADER
fixed length control field 00591nam a2200181Ia 4500
003 - CONTROL NUMBER IDENTIFIER
control field LK-CoDNM
008 - FIXED-LENGTH DATA ELEMENTS--GENERAL INFORMATION
fixed length control field 010623t1926 xxu||||| |||| 00| 1 Pali d
040 ## - CATALOGING SOURCE
Original cataloging agency LK-CoDNM
Modifying agency LK-CoDNM
Description conventions LK-CoDNM
041 ## - LANGUAGE CODE
Language code of text/sound track or separate title
-- Sinhala; Sinhalese
080 ## - UNIVERSAL DECIMAL CLASSIFICATION NUMBER
Universal Decimal Classification number 104 C 1
942 ## - ADDED ENTRY ELEMENTS (KOHA)
Koha item type Books
100 ## - MAIN ENTRY--PERSONAL NAME
Personal name Dhammananda Thero,
700 ## - ADDED ENTRY--PERSONAL NAME
Personal name ed. by Dhammakittisiri
245 ## - TITLE STATEMENT
Title පපචසූදනී මජ්ජිම නිකායාර්ථ කථා
246 ## - VARYING FORM OF TITLE
Title proper/short title The Papanca Sudani or the Commentary of the Majjima Nikaaya
260 ## - PUBLICATION, DISTRIBUTION, ETC. (IMPRINT)
Name of publisher, distributor, etc. Vidaya Sagara
Place of publication, distribution, etc. Colombo
Date of publication, distribution, etc. 1926
300 ## - PHYSICAL DESCRIPTION
Other physical details 461p, 25 260: Aluvihara Edition cm
Holdings
Withdrawn status Lost status Damaged status Not for loan Collection code Permanent Location Current Location Date acquired Full call number Barcode Koha item type
    Damaged   Monographs Library National Museum Colombo - Sri Lanka Library National Museum Colombo - Sri Lanka 2023-08-02 104 C 1 OB754 Books
Copyright © 2023 Department of National Museum, Colombo 07, Sri Lanka Funded by UNESCO IFAP UNESCO